| 000 | 00909nam a22002657a 4500 | ||
|---|---|---|---|
| 005 | 20150217110837.0 | ||
| 010 | _aBAC-EN21/ENG-110685 | ||
| 020 |
_a9789339205119 _c495.00 |
||
| 020 |
_a9339205111 _c495.00 |
||
| 035 | _aEN-94217 | ||
| 035 | _aB-593717-750 | ||
| 037 |
_bPragati/Ven _adpl |
||
| 037 | _bDBAD/PUB | ||
| 082 | _a330.954 | ||
| 100 | _aRamesh Singh | ||
| 245 |
_aIndian economy for Civil Services examinations / _cby Ramesh Singh |
||
| 250 | _a6th ed | ||
| 260 |
_aNew Delhi _bMcGraw Hill Education _c2014 |
||
| 270 |
_aP-24, Green Park Extn. _bNew Delhi _e110016 |
||
| 300 |
_avarious pagings. _c26cm(pbk) |
||
| 490 | _aMcGraw Hill Education winning edge series | ||
| 500 | _a Supply received Revised price Rs. 525.00 | ||
| 942 |
_2ddc _cEN _mRAM _h330.954 |
||
| 999 |
_c88111 _d88111 |
||